Estadísticas para Territorios Autónomos del Mundo

Haz click aquí para intentar la prueba.

Estadísticas generales

  • Esta prueba ha sido intentada 36 veces
  • La puntuación promedio es 22 de 75

Estadísticas de respuestas

PaísAutonomía% Correcto
EspañaCeuta
82%
EspañaMelilla
82%
Estados UnidosPuerto Rico
82%
DinamarcaGroenlandia
79%
R.P. ChinaHong Kong
64%
R.P. ChinaMacao
64%
PortugalAzores
58%
DinamarcaIslas Feroe
58%
MoldaviaTransnistria
58%
Países BajosCurazao
55%
PortugalMadeira
55%
FranciaSan Martín
55%
Países BajosSan Martín
55%
Países BajosAruba
52%
Países BajosBonaire
52%
FranciaNueva Caledonia
52%
FinlandiaÂland
48%
FranciaPolinesia Francesa
48%
Reino UnidoIsla de Man
42%
Reino UnidoJersey
42%
GeorgiaRepública Autónoma de Abjasia
42%
Reino UnidoGuernsey
39%
ChileRapa Nui-Isla de Pascua
39%
IrakRegión de Kurdistán
39%
UcraniaRepública Autónoma de Crimea
39%
Reino UnidoEscocia
36%
Reino UnidoGales
36%
Reino UnidoIrlanda del Norte
36%
CanadáNunavut
36%
R.P. ChinaRegión Autónoma del Tíbet
36%
FranciaSan Bartolomé
36%
FranciaSan Pedro y Miquelón
36%
Reino UnidoInglaterra
33%
Países BajosIsla de Saba
33%
Estados UnidosIslas Marianas del Norte
33%
CanadáYukón
30%
FranciaWallis y Futuna
27%
Países BajosPaíses Bajos
24%
Corea del SurProvincia de Jeju
21%
Países BajosSan Eustaquio
18%
RusiaChukotka
15%
ChileJuan Fernández
15%
RusiaSan Petersburgo
15%
CanadáTerritorios del Noroeste
15%
IndiaDelhi
12%
DinamarcaDinamarca
12%
MoldaviaGagauzia
12%
GreciaMonte Athos
12%
RusiaMoscú
12%
SerbiaBelgrado
9%
RusiaÓblast Autónomo Hebreo
9%
NicaraguaRegión autónoma de la Costa Caribe Norte
9%
NicaraguaRegión autónoma de la Costa Caribe Sur
9%
IndonesiaRegión Espacial de Yogyakarta
9%
RusiaSebastopol
9%
ItaliaTrentino-Alto Adigio
9%
SerbiaVoivodina
9%
IndonesiaYakarta
9%
PanamáComarca Emberá-Wounaan
6%
PanamáComarca Guna Yala
6%
Bosnia y HerzegovinaDistrito de Brčko
6%
RusiaJanti-Mansi
6%
PanamáMadugandí
6%
EspañaNavarra
6%
RusiaNenetsia
6%
IndonesiaProvincia de Aceh
6%
AzerbaiyánRepública Autónoma de Najicheván
6%
UcraniaSebastopol
6%
Corea del SurSejong
6%
BoliviaTerritorio indígena originario campesino de Bolivia
6%
PanamáWargandí
6%
RusiaYamalia-Nenetsia
6%
PanamáComarca Naso Tjër Di
3%
PanamáComarca Ngäbe-Buglé
3%
GeorgiaRepública Autónoma de Ayaria
3%

Distribución de puntuación

Porcentaje por número respondido

Porcentaje de gente con cada puntuación

Historial de tus puntuaciones

No has intentado esta prueba.